Max Beckmann / (Record no. 27040)

000 -LEADER
fixed length control field 02351cam a22003617a 4500
001 - CONTROL NUMBER
control field 13443929
003 - CONTROL NUMBER IDENTIFIER
control field OSt
005 - DATE AND TIME OF LATEST TRANSACTION
control field 20170207105850.0
008 - FIXED-LENGTH DATA ELEMENTS--GENERAL INFORMATION
fixed length control field 031224s2003 nyua bc 001 0deng
010 ## - LIBRARY OF CONGRESS CONTROL NUMBER
LC control number 2003536801
020 ## - INTERNATIONAL STANDARD BOOK NUMBER
International Standard Book Number 0870702424 (paper)
020 ## - INTERNATIONAL STANDARD BOOK NUMBER
International Standard Book Number 0870702416 (cl.)
035 ## - SYSTEM CONTROL NUMBER
System control number (OCoLC)ocm52300793
040 ## - CATALOGING SOURCE
Original cataloging agency RSG
Transcribing agency RSG
Modifying agency SMI
-- CAD
-- SYB
-- WCM
-- DLC
042 ## - AUTHENTICATION CODE
Authentication code lccopycat
050 00 - LIBRARY OF CONGRESS CALL NUMBER
Classification number N6888.B4
Item number A4 2003
082 00 - DEWEY DECIMAL CLASSIFICATION NUMBER
Classification number 709/.2
Edition number 22
100 1# - MAIN ENTRY--PERSONAL NAME
Personal name Beckmann, Max,
Dates associated with a name 1884-1950.
245 10 - TITLE STATEMENT
Title Max Beckmann /
Statement of responsibility, etc. edited by Sean Rainbird.
260 ## - PUBLICATION, DISTRIBUTION, ETC. (IMPRINT)
Place of publication, distribution, etc. [New York] :
Name of publisher, distributor, etc. Museum of Modern Art :
-- Distributed in the United States and Canada by D.A.P./Distributed Art Publishers,
Date of publication, distribution, etc. c2003.
300 ## - PHYSICAL DESCRIPTION
Extent 293 p. :
Other physical details ill. (some col.) ;
Dimensions 28 cm.
500 ## - GENERAL NOTE
General note Catalog of an exhibition held at Centre Georges Pompidou, Paris, Sept. 10, 2002-Jan. 6, 2003, Tate Modern, London, Feb. 12-May 5, 2003, MoMA QNS, New York, June 25-Sept. 30, 2003.
504 ## - BIBLIOGRAPHY, ETC. NOTE
Bibliography, etc Includes bibliographical references (p. 284-285) and index.
505 00 - FORMATTED CONTENTS NOTE
Miscellaneous information The
Title Beckmann effect /
Statement of responsibility Robert Storr --
Title Images of the times in Beckmann's early work /
Statement of responsibility Sean Rainbird --
Title Beckmann's Frankfurt cityscapes : concepts of space /
Statement of responsibility Susanne Bieber --
Miscellaneous information The
Title painter at the beach : Beckmann's Italian paintings /
Statement of responsibility Nina Peter --
Title Beckmann and the triptych : a sacred form in the context of modernism /
Statement of responsibility Anette Kruszynski --
Title Beckmann's lucid somnambulism /
Statement of responsibility Didier Ottinger --
Title Leon Golub on Beckmann --
Miscellaneous information A
Title gathering storm : Max Beckmann and cultural politics 1925-38 /
Statement of responsibility Sean Rainbird --
Title Wallenstein in red /
Statement of responsibility Barbara Copeland Buenger --
Title Beckmann's Death /
Statement of responsibility William Kentridge --
Title Beckmann : exile in Amsterdam 1937-47 /
Statement of responsibility Jill Lloyd --
Title Boston, Beckmann and after /
Statement of responsibility Ellsworth Kelly --
Title Poetics of space : Beckmann's Falling Man /
Statement of responsibility Charles W. Haxthausen.
600 10 - SUBJECT ADDED ENTRY--PERSONAL NAME
Personal name Beckmann, Max,
Dates associated with a name 1884-1950
Form subdivision Exhibitions.
600 10 - SUBJECT ADDED ENTRY--PERSONAL NAME
Personal name Beckmann, Max,
Dates associated with a name 1884-1950
General subdivision Criticism and interpretation.
700 1# - ADDED ENTRY--PERSONAL NAME
Personal name Rainbird, Sean.
710 2# - ADDED ENTRY--CORPORATE NAME
Corporate name or jurisdiction name as entry element Museum of Modern Art (New York, N.Y.)
710 2# - ADDED ENTRY--CORPORATE NAME
Corporate name or jurisdiction name as entry element Centre Georges Pompidou.
710 2# - ADDED ENTRY--CORPORATE NAME
Corporate name or jurisdiction name as entry element Tate Modern (Gallery)
906 ## - LOCAL DATA ELEMENT F, LDF (RLIN)
a 7
b cbc
c copycat
d 2
e ncip
f 20
g y-gencatlg
942 ## - ADDED ENTRY ELEMENTS (KOHA)
Source of classification or shelving scheme
Koha item type Hard Covered Materials
Classification part N 6888 .B4A4 2003
Holdings
Withdrawn status Lost status Source of classification or shelving scheme Damaged status Not for loan Home library Current library Shelving location Date acquired Source of acquisition Total Checkouts Full call number Barcode Date last seen Price effective from Koha item type
          MACHAKOS UNIVERSITY LIBRARY MACHAKOS UNIVERSITY LIBRARY Technical section 07/02/2017 Donation (BFA)   N 6888 .B4A4 2003 34643 12/07/2018 07/02/2017 Hard Covered Materials
© Machakos University Library, Along The Highway, Machakos Wote Rd, Machakos, Kenya P.O. Box 136 - 90100 Machakos - Kenya

Tel: ( +254 ) 723 805829 OR Fax : 044-20353 OR Email: library@mksu.ac.ke